Киев и киевляне в экслибрисах

Bibliographische Detailangaben
1. Verfasser: Бейлинсон Я. Л. Яков Лазаревич
Zusammenfassung:На обл. загл. не указано
1500-летию Киева посвящается.
Sprache:Russisch
Veröffentlicht: Москва, Книга, 1982
Schlagworte:
Format: Buch
KOHA link:https://koha.lib.tpu.ru/cgi-bin/koha/opac-detail.pl?biblionumber=226251

MARC

LEADER 00000nam0a2200000 4500
001 226251
005 20231101230722.0
010 |b 3000 экз. 
035 |a (RuTPU)RU\TPU\book\246621 
090 |a 226251 
100 |a 20121120d1982 m y0rusy50 ca 
101 0 |a rus 
102 |a RU 
105 |a a z 011zy 
200 1 |a Киев и киевляне в экслибрисах  |f Я. Л. Бейлинсон 
210 |a Москва  |c Книга  |d 1982 
215 |a XLII, [241] с.  |c в основном ил.  |d 10 см. 
300 |a На обл. загл. не указано 
300 |a 1500-летию Киева посвящается. 
320 |a Именной указатель художников, выполнивших экслибрисы: с. [236-241] 
516 1 |a Экслибрисы 
606 1 |a Экслибрис  |2 stltpush  |3 (RuTPU)RU\TPU\subj\26773  |9 50629 
610 1 |a книжные знаки 
610 1 |a экслибрисы 
610 1 |a книжная графика 
610 1 |a Киев 
610 1 |a миниатюрные издания 
675 |a 76  |v 3 
700 1 |a Бейлинсон  |b Я. Л.  |g Яков Лазаревич 
801 1 |a RU  |b 63413507  |c 20121120 
801 2 |a RU  |b 63413507  |c 20180827  |g RCR 
942 |c BK